|
|
|
|
| LEADER |
00000naa2a2200000 4500 |
| 001 |
623833 |
| 005 |
20231102024043.0 |
| 035 |
|
|
|a (RuTPU)RU\TPU\conf\22926
|
| 035 |
|
|
|a RU\TPU\conf\22924
|
| 090 |
|
|
|a 623833
|
| 100 |
|
|
|a 20170921d2017 k y0rusy50 ca
|
| 101 |
0 |
|
|a rus
|
| 102 |
|
|
|a RU
|
| 105 |
|
|
|a y z 101zy
|
| 135 |
|
|
|a drcn ---uucaa
|
| 181 |
|
0 |
|a i
|
| 182 |
|
0 |
|a b
|
| 200 |
1 |
|
|a Условия формирования дорожковской свиты (верхний мел, Турон, Западная Сибирь)
|f В. А. Маринов [и др.]
|
| 203 |
|
|
|a Текст
|c электронный
|
| 225 |
1 |
|
|a Западно-Сибирский регион
|
| 230 |
|
|
|a 1 компьютерный файл (pdf; 614 Кб)
|
| 300 |
|
|
|a Заглавие с экрана
|
| 320 |
|
|
|a [Библиогр.: с. 106 (4 назв.)]
|
| 330 |
|
|
|a Выполнены лито-биофациальные исследования сеноман-туронского интервала разреза Большехетской структурной террасы (Туруханский структурно-фациальный район). На основе анализа седиментологических и палеонтологических данных установлены некоторые показатели придонных обстановок палеобассейна - соленость, газовый режим и гидродинамическая активность.
|
| 463 |
|
0 |
|0 (RuTPU)RU\TPU\conf\22907
|t Современные проблемы седиментологии в нефтегазовом инжиниринге
|o труды III Всероссийского научно‐практическогоседиментологического совещания, 10-12 апреля 2017 г., г. Томск
|f Национальный исследовательский Томский политехнический университет (ТПУ), Институт природных ресурсов (ИПР) ; гл. ред. О. С. Чернова
|v [С. 102-107]
|d 2017
|
| 610 |
1 |
|
|a электронный ресурс
|
| 610 |
1 |
|
|a дорожковская свита
|
| 610 |
1 |
|
|a туронский век
|
| 610 |
1 |
|
|a Западная Сибирь
|
| 610 |
1 |
|
|a палеогеография
|
| 701 |
|
1 |
|a Маринов
|b В. А.
|
| 701 |
|
1 |
|a Агалаков
|b С. Е.
|
| 701 |
|
1 |
|a Косенко
|b И. Н.
|
| 701 |
|
1 |
|a Потапова
|b Е. А.
|
| 701 |
|
1 |
|a Розбаева
|b Г. Л.
|
| 701 |
|
1 |
|a Урман
|b О. С.
|
| 712 |
0 |
2 |
|a Сургутнефтегаз
|9 26184
|
| 801 |
|
2 |
|a RU
|b 63413507
|c 20171129
|g RCR
|
| 856 |
4 |
|
|u http://earchive.tpu.ru/handle/11683/43051
|
| 942 |
|
|
|c BK
|